<?xml version="1.0" encoding="UTF-8"?>
<record
    xmlns:xsi="http://www.w3.org/2001/XMLSchema-instance"
    xsi:schemaLocation="http://www.loc.gov/MARC21/slim http://www.loc.gov/standards/marcxml/schema/MARC21slim.xsd"
    xmlns="http://www.loc.gov/MARC21/slim">

  <leader>01461nam a2200289 i 4500</leader>
  <controlfield tag="003">DO-SdBNP</controlfield>
  <controlfield tag="005">20250207073535.0</controlfield>
  <controlfield tag="007">ta</controlfield>
  <controlfield tag="008">220922e200?    dr a|||er|||| 00| 0 spa d</controlfield>
  <datafield tag="040" ind1=" " ind2=" ">
    <subfield code="a">DO-SdBNP</subfield>
    <subfield code="b">spa</subfield>
    <subfield code="c">BNPHU</subfield>
    <subfield code="e">rda</subfield>
  </datafield>
  <datafield tag="082" ind1=" " ind2="4">
    <subfield code="2">22</subfield>
    <subfield code="b">F723m</subfield>
  </datafield>
  <datafield tag="245" ind1="0" ind2="0">
    <subfield code="a">Formaci&#xF3;n metodol&#xF3;gica:</subfield>
    <subfield code="b">introducci&#xF3;n.</subfield>
  </datafield>
  <datafield tag="264" ind1=" " ind2=" ">
    <subfield code="a">Santo Domingo :</subfield>
    <subfield code="b">Infotep,</subfield>
    <subfield code="c">[200?]</subfield>
  </datafield>
  <datafield tag="300" ind1=" " ind2=" ">
    <subfield code="a">volumen :</subfield>
    <subfield code="b">ilustraciones ;</subfield>
    <subfield code="c">27 cm.</subfield>
  </datafield>
  <datafield tag="336" ind1=" " ind2=" ">
    <subfield code="2">rdacontent</subfield>
    <subfield code="a">texto</subfield>
    <subfield code="b">txt</subfield>
  </datafield>
  <datafield tag="337" ind1=" " ind2=" ">
    <subfield code="2">rdamedia</subfield>
    <subfield code="a">sin mediaci&#xF3;n</subfield>
    <subfield code="b">n</subfield>
  </datafield>
  <datafield tag="338" ind1=" " ind2=" ">
    <subfield code="2">rdacarrier</subfield>
    <subfield code="a">volumen</subfield>
    <subfield code="b">nc</subfield>
  </datafield>
  <datafield tag="490" ind1="0" ind2=" ">
    <subfield code="a">Habilitaci&#xF3;n</subfield>
  </datafield>
  <datafield tag="500" ind1=" " ind2=" ">
    <subfield code="a">La biblioteca posee: volumen 1, 3, 4, 5, 6, 8, 6, 11, 12 y volumen13.</subfield>
  </datafield>
  <datafield tag="505" ind1=" " ind2=" ">
    <subfield code="a">volumen 1.</subfield>
    <subfield code="t">Introducci&#xF3;n.</subfield>
    <subfield code="g">volumen 3.</subfield>
    <subfield code="t">El Proceso de Ense&#xF1;anza -Aprendizaje.</subfield>
    <subfield code="g">volumen 4.</subfield>
    <subfield code="t">La Motivaci&#xF3;n en el Proceso Ense&#xF1;anza- Aprendizaje.</subfield>
    <subfield code="g">volumen 5.</subfield>
    <subfield code="t">La Comunicaci&#xF3;n en el Proceso Ense&#xF1;anza - Aprendizaje.</subfield>
    <subfield code="g">volumen 6.</subfield>
    <subfield code="t">Planificaci&#xF3;n Did&#xE1;ctica 1.</subfield>
    <subfield code="g">volumen 8.</subfield>
    <subfield code="t">M&#xE9;todos y T&#xE9;cnica Did&#xE1;cticas 1.</subfield>
    <subfield code="g">volumen 9.</subfield>
    <subfield code="t">Estructuraci&#xF3;n de Contenido.</subfield>
    <subfield code="g">volumen 11.</subfield>
    <subfield code="t">Estrategias de Evaluaci&#xF3;n del Proceso Ense&#xF1;anza - Aprendizaje.</subfield>
    <subfield code="g">volumen 12</subfield>
    <subfield code="t">Gesti&#xF3;n Administrativa.</subfield>
    <subfield code="g">volumen 13</subfield>
    <subfield code="t">Pr&#xE1;ctica Did&#xE1;ctica.</subfield>
  </datafield>
  <datafield tag="590" ind1=" " ind2=" ">
    <subfield code="a">Inventariado 2024 / MF</subfield>
  </datafield>
  <datafield tag="650" ind1=" " ind2="4">
    <subfield code="9">54063</subfield>
    <subfield code="a">Educaci&#xF3;n T&#xE9;cnica</subfield>
    <subfield code="z">Rep&#xFA;blica Dominicana</subfield>
  </datafield>
  <datafield tag="650" ind1=" " ind2="4">
    <subfield code="9">12352</subfield>
    <subfield code="a">Pedagog&#xED;a </subfield>
    <subfield code="x">T&#xE9;cnicas de Ense&#xF1;anza</subfield>
  </datafield>
  <datafield tag="650" ind1=" " ind2="4">
    <subfield code="9">902</subfield>
    <subfield code="a">Aprendizaje Organizacional</subfield>
    <subfield code="x">T&#xE9;cnicas de Ense&#xF1;anza</subfield>
  </datafield>
  <datafield tag="710" ind1="2" ind2=" ">
    <subfield code="a">INFOTEP (Agencia)</subfield>
    <subfield code="9">78644</subfield>
  </datafield>
  <datafield tag="942" ind1=" " ind2=" ">
    <subfield code="2">ddc</subfield>
    <subfield code="c">LBS1</subfield>
  </datafield>
  <datafield tag="952" ind1=" " ind2=" ">
    <subfield code="0">0</subfield>
    <subfield code="1">0</subfield>
    <subfield code="2">ddc</subfield>
    <subfield code="5">1</subfield>
    <subfield code="7">0</subfield>
    <subfield code="8">PD</subfield>
    <subfield code="a">BNPHU</subfield>
    <subfield code="b">BNPHU</subfield>
    <subfield code="c">CT</subfield>
    <subfield code="d">2015-09-22</subfield>
    <subfield code="e">Donado por Hip&#xF3;lito Carrasco</subfield>
    <subfield code="l">0</subfield>
    <subfield code="o">F723m</subfield>
    <subfield code="p">2022-4028</subfield>
    <subfield code="r">2022-09-22</subfield>
    <subfield code="t">v.1</subfield>
    <subfield code="w">2022-09-22</subfield>
    <subfield code="y">LF1</subfield>
  </datafield>
  <datafield tag="952" ind1=" " ind2=" ">
    <subfield code="0">0</subfield>
    <subfield code="1">0</subfield>
    <subfield code="2">ddc</subfield>
    <subfield code="5">1</subfield>
    <subfield code="7">0</subfield>
    <subfield code="8">PD</subfield>
    <subfield code="a">BNPHU</subfield>
    <subfield code="b">BNPHU</subfield>
    <subfield code="c">CT</subfield>
    <subfield code="d">2015-09-22</subfield>
    <subfield code="e">Donado por Hip&#xF3;lito Carrasco</subfield>
    <subfield code="l">0</subfield>
    <subfield code="o">F723m</subfield>
    <subfield code="p">2022-4029</subfield>
    <subfield code="r">2022-09-22</subfield>
    <subfield code="t">v.3</subfield>
    <subfield code="w">2022-09-22</subfield>
    <subfield code="y">LF1</subfield>
  </datafield>
  <datafield tag="952" ind1=" " ind2=" ">
    <subfield code="0">0</subfield>
    <subfield code="1">0</subfield>
    <subfield code="2">ddc</subfield>
    <subfield code="5">1</subfield>
    <subfield code="7">0</subfield>
    <subfield code="8">PD</subfield>
    <subfield code="a">BNPHU</subfield>
    <subfield code="b">BNPHU</subfield>
    <subfield code="c">CT</subfield>
    <subfield code="d">2015-09-22</subfield>
    <subfield code="e">Donado por Hip&#xF3;lito Carrasco</subfield>
    <subfield code="o">F723m</subfield>
    <subfield code="p">2022-4030</subfield>
    <subfield code="r">2022-09-22</subfield>
    <subfield code="t">v.4</subfield>
    <subfield code="w">2022-09-22</subfield>
    <subfield code="y">LF1</subfield>
  </datafield>
  <datafield tag="952" ind1=" " ind2=" ">
    <subfield code="0">0</subfield>
    <subfield code="1">0</subfield>
    <subfield code="2">ddc</subfield>
    <subfield code="5">1</subfield>
    <subfield code="7">0</subfield>
    <subfield code="8">PD</subfield>
    <subfield code="a">BNPHU</subfield>
    <subfield code="b">BNPHU</subfield>
    <subfield code="c">CT</subfield>
    <subfield code="d">2015-09-22</subfield>
    <subfield code="e">Donado por Hip&#xF3;lito Carrasco</subfield>
    <subfield code="l">0</subfield>
    <subfield code="o">F723m</subfield>
    <subfield code="p">2022-4031</subfield>
    <subfield code="r">2022-09-22</subfield>
    <subfield code="t">v.5</subfield>
    <subfield code="w">2022-09-22</subfield>
    <subfield code="y">LF1</subfield>
  </datafield>
  <datafield tag="952" ind1=" " ind2=" ">
    <subfield code="0">0</subfield>
    <subfield code="1">0</subfield>
    <subfield code="2">ddc</subfield>
    <subfield code="5">1</subfield>
    <subfield code="7">0</subfield>
    <subfield code="8">PD</subfield>
    <subfield code="a">BNPHU</subfield>
    <subfield code="b">BNPHU</subfield>
    <subfield code="c">CT</subfield>
    <subfield code="d">2015-09-22</subfield>
    <subfield code="e">Donado por Hip&#xF3;lito Carrasco</subfield>
    <subfield code="l">0</subfield>
    <subfield code="o">F723m</subfield>
    <subfield code="p">2022-4032</subfield>
    <subfield code="r">2022-09-22</subfield>
    <subfield code="t">v.6</subfield>
    <subfield code="w">2022-09-22</subfield>
    <subfield code="y">LF1</subfield>
  </datafield>
  <datafield tag="952" ind1=" " ind2=" ">
    <subfield code="0">0</subfield>
    <subfield code="1">0</subfield>
    <subfield code="2">ddc</subfield>
    <subfield code="5">1</subfield>
    <subfield code="7">0</subfield>
    <subfield code="8">PD</subfield>
    <subfield code="a">BNPHU</subfield>
    <subfield code="b">BNPHU</subfield>
    <subfield code="c">CT</subfield>
    <subfield code="d">2015-09-22</subfield>
    <subfield code="e">Donado por Hip&#xF3;lito Carrasco</subfield>
    <subfield code="l">0</subfield>
    <subfield code="o">F723m</subfield>
    <subfield code="p">2022-4033</subfield>
    <subfield code="r">2022-09-22</subfield>
    <subfield code="t">v.8</subfield>
    <subfield code="w">2022-09-22</subfield>
    <subfield code="y">LF1</subfield>
  </datafield>
  <datafield tag="952" ind1=" " ind2=" ">
    <subfield code="0">0</subfield>
    <subfield code="1">0</subfield>
    <subfield code="2">ddc</subfield>
    <subfield code="5">1</subfield>
    <subfield code="7">0</subfield>
    <subfield code="8">PD</subfield>
    <subfield code="a">BNPHU</subfield>
    <subfield code="b">BNPHU</subfield>
    <subfield code="c">CT</subfield>
    <subfield code="d">2015-09-22</subfield>
    <subfield code="e">Donado por Hip&#xF3;lito Carrasco</subfield>
    <subfield code="o">F723m</subfield>
    <subfield code="p">2022-4034</subfield>
    <subfield code="r">2022-09-22</subfield>
    <subfield code="t">v.9</subfield>
    <subfield code="w">2022-09-22</subfield>
    <subfield code="y">LF1</subfield>
  </datafield>
  <datafield tag="952" ind1=" " ind2=" ">
    <subfield code="0">0</subfield>
    <subfield code="1">0</subfield>
    <subfield code="2">ddc</subfield>
    <subfield code="5">1</subfield>
    <subfield code="7">0</subfield>
    <subfield code="8">PD</subfield>
    <subfield code="a">BNPHU</subfield>
    <subfield code="b">BNPHU</subfield>
    <subfield code="c">CT</subfield>
    <subfield code="d">2015-09-22</subfield>
    <subfield code="e">Donado por Hip&#xF3;lito Carrasco</subfield>
    <subfield code="l">0</subfield>
    <subfield code="o">F723m</subfield>
    <subfield code="p">2022-4035</subfield>
    <subfield code="r">2022-09-22</subfield>
    <subfield code="t">v.11</subfield>
    <subfield code="w">2022-09-22</subfield>
    <subfield code="y">LF1</subfield>
  </datafield>
  <datafield tag="952" ind1=" " ind2=" ">
    <subfield code="0">0</subfield>
    <subfield code="1">0</subfield>
    <subfield code="2">ddc</subfield>
    <subfield code="5">1</subfield>
    <subfield code="7">0</subfield>
    <subfield code="8">PD</subfield>
    <subfield code="a">BNPHU</subfield>
    <subfield code="b">BNPHU</subfield>
    <subfield code="c">CT</subfield>
    <subfield code="d">2015-09-22</subfield>
    <subfield code="e">Donado por Hip&#xF3;lito Carrasco</subfield>
    <subfield code="l">0</subfield>
    <subfield code="o">F723m</subfield>
    <subfield code="p">2022-4036</subfield>
    <subfield code="r">2022-09-22</subfield>
    <subfield code="t">v.12</subfield>
    <subfield code="w">2022-09-22</subfield>
    <subfield code="y">LF1</subfield>
  </datafield>
  <datafield tag="952" ind1=" " ind2=" ">
    <subfield code="0">0</subfield>
    <subfield code="1">0</subfield>
    <subfield code="2">ddc</subfield>
    <subfield code="5">1</subfield>
    <subfield code="7">0</subfield>
    <subfield code="8">PD</subfield>
    <subfield code="a">BNPHU</subfield>
    <subfield code="b">BNPHU</subfield>
    <subfield code="c">CT</subfield>
    <subfield code="d">2015-09-22</subfield>
    <subfield code="e">Donado por Hip&#xF3;lito Carrasco</subfield>
    <subfield code="l">0</subfield>
    <subfield code="o">F723m</subfield>
    <subfield code="p">2022-4037</subfield>
    <subfield code="r">2022-09-22</subfield>
    <subfield code="t">v.13</subfield>
    <subfield code="w">2022-09-22</subfield>
    <subfield code="y">LF1</subfield>
  </datafield>
  <datafield tag="999" ind1=" " ind2=" ">
    <subfield code="c">52445</subfield>
    <subfield code="d">52445</subfield>
  </datafield>
</record>
